Central Library OPAC University of Rajshahi

As the Japanese see it : (Record no. 24997)

MARC details
000 -LEADER
fixed length control field 00962nam a2200325 a 4500
001 - CONTROL NUMBER
control field 24997
003 - CONTROL NUMBER IDENTIFIER
rucl marc code BD-RjUL
005 - DATE AND TIME OF LATEST TRANSACTION
control field 20211209050821.0
008 - FIXED-LENGTH DATA ELEMENTS--GENERAL INFORMATION
fixed length control field 140316s1981 hiu 000 0 eng
020 ## - INTERNATIONAL STANDARD BOOK NUMBER
International Standard Book Number 0824807596 :
International Standard Book Number 082480760X (pbk.) :
International Standard Book Number 0824807596 :
International Standard Book Number 082480760X (pbk.) :
035 ## - SYSTEM CONTROL NUMBER
System control number (BD-RjUL)25066
040 ## - CATALOGING SOURCE
Original cataloging agency LC
Language of cataloging eng
Transcribing agency LC
Modifying agency SFU
-- BD-RjUL
041 1# - LANGUAGE CODE
Language code of text/sound track or separate title engjpn
082 00 - DEWEY DECIMAL CLASSIFICATION NUMBER
Classification number 952
Edition number 19
Author mark and year AST 1981
245 00 - TITLE STATEMENT
Title As the Japanese see it :
Remainder of title past and present /
Statement of responsibility, etc. compiled and edited by Michiko Y. Aoki and Margaret B. Dardess.
250 ## - EDITION STATEMENT
Edition statement paperback ed.
260 ## - PUBLICATION, DISTRIBUTION, ETC. (IMPRINT)
Place of publication, distribution, etc. Honolulu :
Name of publisher, distributor, etc. University Press of Hawaii,
Date of publication, distribution, etc. c1981.
300 ## - PHYSICAL DESCRIPTION
Pagination ix, 315 p. ;
Size 22 cm.
651 #0 - SUBJECT ADDED ENTRY--GEOGRAPHIC NAME
Geographic name Japan
General subdivision Civilization.
9 (RLIN) 65133
700 1# - ADDED ENTRY--PERSONAL NAME
Personal name Aoki, Michiko Yamaguchi.
Personal name Dardess, Margaret B.
942 ## - ADDED ENTRY ELEMENTS (KOHA)
Source of classification or shelving scheme Dewey Decimal Classification
Koha item type Books
Holdings
Lost status Source of classification or shelving scheme Damaged status Not for loan Collection code Permanent Location Current Location Shelving location Date acquired Source of acquisition Total Checkouts Full call number Date last seen Copy number Koha item type
  Dewey Decimal Classification   Added to bundle Non-fiction Central Library, University of Rajshahi Central Library, University of Rajshahi Reading Room 05/07/1994 Japan Foundation, Gift.   952 AST 1981 16/03/2014 C-1 Books